000 00945cam a2200265 a 4500
001 4001158
003 ARRUPE
005 20140606113339.0
008 961126s1996 nyu b 001 0 eng
010 _a 96061910
020 _a1572460598
040 _aDLC
_cDLC
_dDLC
050 0 0 _aBR115.C3
_bS57 1996
082 0 0 _a261.8/5
_221
100 1 _aSirico, Robert A.
_910660
245 1 2 _aA moral basis for liberty /
_cby Robert A. Sirico ; foreword by Edmund A. Opitz.
250 _a2nd rev. ed.
260 _aIrvington-on-Hudson, N.Y. :
_bFoundation for Economic Education,
_c1996.
300 _aiii, 67 p. ;
_c20 cm.
504 _aIncludes bibliographical references (p. 62-63) and index.
650 0 _aCapitalism
_xReligious aspects
_xChristianity.
_910661
906 _a7
_bcbc
_corignew
_d2
_eopcn
_f19
_gy-gencatlg
942 _2lcc
_cMONOGRAPH
999 _c120639
_d120639